1819 1563 1612 1695 1547 1192 1135 1082 1938 1840 1946 1905 1232 1596 1564 1714 1109 1225 1984 1638 1229 1939 1018 1005 1185 1627 1808 1094 1135 1375 1432 1082 1365 1261 1228 1880 1731 1823 1838 1706 1674 1154 1864 1522 1940 1699 1986 1913 1090 1699 1074 1777 1395 1554 1427 1256 1592 1583 1661 1455 1002 1973 1937 1338 1059 1345 1615 1938 1721 1243 1751 1249 1911 1798 1938 1172 1407 1927 1030 1369 1301 1222 1836 1926 1650 1705 1668 1743 1786 1151 1794 1662 1469 1544 1854 1588 1628 1070 1970 BCNSPRNW ULIB Ver.6.0+V

เปลี่ยนเป็นภาษาไทย

Change to English
 แสดงรายละเอียดบรรณานุกรม
  กลับหน้าหลัก

Brief Record : Get Marc (ISO 2709) : E-mail record : QR code < ปิดหน้าต่าง
LEADER : 00000nam 2200000uu 4500
001    13399122593
003     ULIB
008    020711s2545 th a 000 0 tha d
020    9743226923
090    นว.^bA613ด
100    Ann M. Martin.;^eเขียน
245    เดอะดอลล์ พีเพิล /^cAnn M. Martin & Laura Godwin ; เขียน,วิลาวัณย์ ฤดีศานต์ ; แปล
260    กรุงเทพฯ :^bมติชน,^c2545
300    240 หน้า
700    Laura Godwin.;^eเขียน
700    วิลาวัณย์ ฤดีศานต์. ;^e แปล
945    ^p175^l0^i20039
999    ^aทศพร เกษรทอง
รายการนี้ยังไม่มีแท็ก
คุณยังไม่ได้ล็อกอิน คุณสามารถมีกิจกรรมร่วมกับเว็บไซต์ได้ แต่ต้องล็อกอินก่อน ::
  ล็อกอิน

รายการสื่อสารสนเทศ

ลำดับที่ ประเภท เลขเรียก/บาร์โค้ด สถานที่ สถานะ
1. นวนิยาย
นวนิยาย
นว. A613ด ฉ.1 
  Barcode: 20039
ห้องสมุดวิทยาเขตสวรรค์ประชารักษ์
►นวนิยาย
บนชั้น
  ขอยืม

BibComment


ยังไม่เคยถูกคอมเมนท์

คอมเมนท์ทรัพยากรรายการนี้
  คอมเมนท์: เดอะดอลล์ พีเพิล ..


 Copyright 2026. Bcnsprnw @Library